Environmental microbiology /

Detaylı Bibliyografya
Diğer Yazarlar: Maier, Raina M., Pepper, Ian L., Gerba, Charles P., 1945-
Materyal Türü: Kitap
Dil:English
Baskı/Yayın Bilgisi: Amsterdam ; Boston : Elsevier/Academic Press, c2009.
Edisyon:2nd ed.
Seri Bilgileri:Methods in enzymology, v. 397
Konular:
Classic Catalogue: View this record in Classic Catalogue
LEADER 01144nam a22003014a 4500
001 27815
003 BD-DhAAL
005 20140112120747.0
008 140112s2009 ne ab b 001 0 eng
010 |a  2009285065 
020 |a 9780123705198 
040 |a DLC  |c DLC  |d DLC  |d BD-DhAAL 
050 0 0 |a QR100  |b .E577 2009 
082 0 0 |a 579/.17  |2 22 
245 0 0 |a Environmental microbiology /  |c [edited by] Raina M. Maier, Ian L. Pepper, Charles P. Gerba. 
250 |a 2nd ed. 
260 |a Amsterdam ;  |a Boston :  |b Elsevier/Academic Press,  |c c2009. 
300 |a xxii, 598 p. :  |b ill. (some col.), col. map ;  |c 24 cm. 
490 |a Methods in enzymology,  |v v. 397  |x 0076-6879 ; 
504 |a Includes bibliographical references and index. 
541 |e 27815 
650 0 |a Microbial ecology.  |9 3719 
700 1 |a Maier, Raina M.  |9 3720 
700 1 |a Pepper, Ian L.  |9 3721 
700 1 |a Gerba, Charles P.,  |d 1945-  |9 3722 
942 |2 ddc  |c BK 
999 |c 14137  |d 14137 
952 |0 0  |1 0  |2 ddc  |4 0  |6 579_170000000000000_ENV  |7 0  |9 23811  |a BRACUL  |b BRACUL  |c GEN  |d 2014-01-12  |e Karim International  |g 4400.00  |l 13  |m 74  |o 579.17 ENV  |p 3010027815  |r 2025-09-21  |s 2025-09-07  |t 1  |w 2014-01-12  |y BK